000 00429nam a2200181Ia 4500
001 14577
005 20260306164924.0
008 260306t2013||||xx |||||||||||||| ||spa||
041 _aESP
082 _a515.33
_bH51 T. 1
100 _aHicks, Tyler G.
_eAUT
245 0 _aManual práctico de cálculos de ingeniería
260 _c2013
300 _a
_c24 cm.
650 _aGEN
654 _aCMA
942 _cLIB
_dJUS
_fJUS
_2ddc
_n
999 _c14577
_d14577